LEADER 03126nam 2200745 a 450 001 9910460865603321 005 20200520144314.0 010 $a1-283-13234-6 010 $a9786613132345 010 $a0-7391-6795-2 035 $a(CKB)2670000000094894 035 $a(EBL)713316 035 $a(OCoLC)733815721 035 $a(SSID)ssj0000521449 035 $a(PQKBManifestationID)12209840 035 $a(PQKBTitleCode)TC0000521449 035 $a(PQKBWorkID)10523240 035 $a(PQKB)10268377 035 $a(SSID)ssj0001143297 035 $a(PQKBManifestationID)12483593 035 $a(PQKBTitleCode)TC0001143297 035 $a(PQKBWorkID)11124789 035 $a(PQKB)11170631 035 $a(MiAaPQ)EBC713316 035 $a(Au-PeEL)EBL713316 035 $a(CaPaEBR)ebr10477302 035 $a(CaONFJC)MIL313234 035 $a(EXLCZ)992670000000094894 100 $a20110224d2011 uy 0 101 0 $aeng 135 $aurcn||||||||| 181 $ctxt 182 $cc 183 $acr 200 00$aChina and East Asian strategic dynamics$b[electronic resource] $ethe shaping of a new regional order /$fedited by Mingjiang Li and Dongmin Lee 210 $aLanham, Md. $cLexington Books$d2011 215 $a1 online resource (313 p.) 300 $aIncludes index. 311 $a0-7391-8596-9 311 $a0-7391-6794-4 327 $aIntroduction / Mingjiang Li and Dongmin Lee -- pt. 1. China's soft and hard power in East Asia -- pt. 2. China and major power strategic interactions -- pt. 3. China's strategic approach to East Asian regionalism -- pt. 4. Cross-Taiwan strait relations and strategic impact on China and East Asia -- pt. 5. China and maritime strategic order in East Asia. 330 $aChina and East Asian Strategic Dynamics: the Shaping of a New Regional Order, edited by Mingjiang Li and Dongmin Lee, examines how China's remarkable economic growth and its proactive diplomatic efforts in recent years have not only shored up its importance in global issues, but also induced a transformation of the strategic dynamics in East Asia. Given that the rise of China is has been a prominent issue in politics and economics worldwide, this edited collection is essential for a wide audience of policy-makers, academics, and students alike. 606 $aRegionalism$zEast Asia 606 $aRegionalism$zChina 606 $aSecurity, International$zEast Asia 606 $aNational security$zChina 607 $aChina$xForeign relations$zEast Asia 607 $aEast Asia$xForeign relations$zChina 607 $aChina$xStrategic aspects 607 $aEast Asia$xStrategic aspects 608 $aElectronic books. 615 0$aRegionalism 615 0$aRegionalism 615 0$aSecurity, International 615 0$aNational security 676 $a355/.033051 701 $aLi$b Mingjiang$0891411 701 $aLee$b Dongmin$0959557 801 0$bMiAaPQ 801 1$bMiAaPQ 801 2$bMiAaPQ 906 $aBOOK 912 $a9910460865603321 996 $aChina and East Asian strategic dynamics$92174407 997 $aUNINA LEADER 01999oam 2200613I 450 001 9910711360703321 005 20180905112548.0 035 $a(CKB)5470000002482423 035 $a(OCoLC)971460704$z(OCoLC)953291277 035 $a(OCoLC)995470000002482423 035 $a(EXLCZ)995470000002482423 100 $a20170204d1965 ua 0 101 0 $aeng 135 $aurbn||||||||| 181 $ctxt$2rdacontent 182 $cc$2rdamedia 183 $acr$2rdacarrier 200 10$aIndex of surface-water records to December 31, 1963$hPart 5$iHudson Bay and Upper Mississippi River basins /$fby H.P. Eisenhuth 210 1$aWashington :$cUnited States Department of the Interior, Geological Survey,$d1965. 215 $a1 online resource (65 pages) $cillustrations, map 225 1 $aGeological Survey circular ;$v505 300 $a"Supersedes Geological Survey circular 385"--Page.1. 300 $aIncludes index. 517 3 $aHudson Bay and Upper Mississippi River basins 606 $aWatersheds$zHudson Bay Region 606 $aStream measurements$zMississippi River 606 $aStreamflow$zMississippi River 606 $aStream measurements$2fast 606 $aStreamflow$2fast 606 $aWatersheds$2fast 607 $aMississippi River Valley 607 $aHudson Bay Region$2fast 607 $aMississippi River$2fast 607 $aMississippi River Valley$2fast 608 $aStatistics.$2fast 615 0$aWatersheds 615 0$aStream measurements 615 0$aStreamflow 615 7$aStream measurements. 615 7$aStreamflow. 615 7$aWatersheds. 700 $aEisenhuth$b H. P.$01386245 712 02$aGeological Survey (U.S.), 801 0$bOCLCE 801 1$bOCLCE 801 2$bCOP 801 2$bOCLCF 801 2$bOCLCQ 801 2$bOCLCA 801 2$bGPO 906 $aBOOK 912 $a9910711360703321 996 $aIndex of surface-water records to December 31, 1963$93435528 997 $aUNINA